000 002690000a22000970004500
100 1 _aKinman, Brent
245 1 0 _aPilate's assize and the timing of Jesus' trial
300 _aVol. 2, Num. 42 (Noviembre, 1991), Páginas 282-295
773 0 _tTyndale Bulletin
942 _cANA
999 _c56712
_d56712